| Record ID | ia:teacherofviolino00shoruoft |
| Source | Internet Archive |
| Download MARC XML | https://archive.org/download/teacherofviolino00shoruoft/teacherofviolino00shoruoft_marc.xml |
| Download MARC binary | https://www.archive.org/download/teacherofviolino00shoruoft/teacherofviolino00shoruoft_meta.mrc |
LEADER: 00760cam 22002050a 4500
008 900315s1888 enk u f eng x
010 $a08007332
035 $a(Sirsi) AML-6286
035 0 $fio(aw)
040 $aOTU$beng
050 4 $aPR5451$b.T43 1888
090 8 $aPR 5451 .T43 1888$bROBA$c1
100 10 $aShorthouse, J. H.$q(Joseph Henry),$d1834-1903.
245 12 $aA teacher of the violin and other tales /$cJ. H. Shorthouse.
260 00 $aLondon :$bMacmillan,$c1888.
300 $a317 p.
505 0 $aA teacher of the violin -- The Marquis Jeanne Hyacinthe de St. Palaye -- The Baroness Helena von Saarfeld -- Ellie, a story of a boy and girl -- an Apologue.
596 $a26
948 $a07/15/1992$b10/11/1998
926 $aROBARTS$bSTACKS$cPR5451 .T43 1888$dBOOK$f1